Statistics for Misheard lyrics quiz

Click here to take the quiz!

General Stats

  • This quiz has been taken 47 times
  • The average score is 5 of 13

Answer Stats

ArtistMisheard lyricsActual lyrics% Correct
Elton JohnHold me closer, Tony DanzaHold me closer, tiny dancer
73%
TotoI miss the rains down in AfricaI bless the rains down in Africa
64%
John LegendMy head's under water, but I'm breathing fireMy head's under water, but I'm breathing fine
57%
Bon JoviIt doesn't make a difference if we're naked or notIt doesn't make a difference if we make it or not
55%
QueenKicking your cat all over the placeKicking your can all over the place
55%
Johnny NashI can see clearly now, Lorraine is goneI can see clearly now, the rain is gone
50%
Jimi Hendix'Scuse me while I kiss this guy'Scuse me while I kiss the sky
48%
NirvanaHere we are now, in containersHere we are now, entertain us
45%
ABBASee that girl, watch her scream, kicking the dancing queenSee that girl, watch that scene, digging the dancing queen
43%
The EaglesYou've been outright offensive for so long nowYou've been out ridin' fences for so long now
16%
Beyoncé...hold me tighter than my very own jeans...hold me tighter than my Deréon jeans
9%
Nicki Minaj...and when we done I make him buy me lo mein...and when we done I make him buy me Balmain
2%
Duran DuranLike a birthday or a previewLike a birthday or a pretty view
2%

Score Distribution

Percentile by Number Answered

Percent of People with Each Score

Your Score History

You have not taken this quiz